000 00732nam a2200265Ia 4500
005 20260302114037.0
008 008 260114s9999 xx 000 0 eng d
020 _a9781350267176
037 _aTextbook
040 _aCRL
040 _beng
040 _cCRL
041 _2eng
041 _aeng
084 _qCRL
100 _aDavid Machek
_91117591
245 0 _aSelf-Cultivation in Chinese and Greco-Roman Philosophy Nourishing the Heart/Mind and Playing Roles
260 _bBloomsbury
260 _bBloomsbury Academic
260 _c2025
650 _aPhilosophy
856 _uhttps://doi.org/10.5040/9781350267176?locatt=label:secondary_bloomsburyCollections
942 _cEBOOK
999 _c1681142
_d1681142